000 01195nam a22003137i 4500
003 EG-ScBUE
005 20221117044210.0
008 220731s1994 ua f 000 0 ara d
017 _a94 / 8184
020 _a9775573017
040 _aEG-ScBUE
_bara
_erda
_cEG-ScBUE
_dEG-ScBUE
043 _ama-----
082 0 4 _222
_a320.014
_bم ر ز
100 1 _a‪مرزوقي، حمد،
_d1946-
_eمؤلف.
245 1 0 _a‪أزمة الخطاب السياسي العربي :
_bهيكل وحرب الخليج نموذجا /
_cد. حمد المرزوقي.
250 _aالطبعة الأولى.
264 1 _aالقاهرة :
_bالمنتدى العربي للدراسات والنشر،
_c1994.
300 _a205 صفحة ؛
_c24 سم
336 _2rdacontent
_aنص
_btxt
337 _2rdamedia
_aبدون وسيط
_bn
338 _2rdacarrier
_aمجلد
_bnc
541 _aBook from store.
600 1 7 _a‪هيكل، محمد حسنين،
_d1923-2016.
_2BUEsh
650 7 _a‪الخطب السياسية
_x‪فلسفة.
_2BUEsh
650 7 _a‪العلوم السياسية
_z‪الدول العربية.
_2BUEsh
653 _bBUSBOL
_cNovember2022
655 _vReading book
942 _2ddc
999 _c29978
_d29949